000
00290nam a22001097a 4500
008
170105b xxu||||| |||| 00| 0 eng d
020
_a
9780815148005
041
_a
eng
080
_2
5TH
_a
618.2
245
_a
MOSBY'S MEDICAL, NURSING & ALLIED HEALTH DICTIONARY
_c
ANDERSON, K.N
942
_2
udc
_c
BK
999
_c
2585
_d
2585